000 00471nam a2200181Ia 4500
008 220531s9999 xx 000 0 und d
041 _aeng
082 _bEME / KUM
100 _aKumar, S. / Fahimuddin
_984071
245 _aEmerging Challenges of Globalization and Development
250 _a1ST
260 _aJaipur
_bRawat
_c2017
300 _a328
542 _d31-05-2018
650 _aSociology
_984072
906 _d2018-2019
_f12669
999 _c46280
_d46280